| 000 | 08591nam a22007338a 4500 | ||
|---|---|---|---|
| 005 | 20091224110159.0 | ||
| 008 | 090417s2009 ii 000 0 eng | ||
| 010 | _aB-364523-561 | ||
| 020 |
_a9788183481663 _c295.00 |
||
| 020 |
_a8183481663 _c295.00 |
||
| 035 | _aB-364523-561 | ||
| 037 | _bSurender Kuamr & Sons | ||
| 040 |
_adpl _bEnglish |
||
| 082 | _a510 | ||
| 100 | _aTyagi, Manjul | ||
| 245 |
_aNDA mathematics: _cby Manjul Tyagi [and] Amit Rastogi _ba resource book of mathematics for NDA & NA entrance examination / |
||
| 260 |
_aMeerut _bArihant Prakashan _c2009 |
||
| 270 |
_aKalindi, TP Nagar, _bMeerut |
||
| 300 |
_a633p. _c30cm(pbk) |
||
| 650 | _aNational Defence Academy / Naval Academy entrance examination | ||
| 650 |
_aMathematics _xExaminations, questions, etc. |
||
| 700 | _aRastogi, Amit | ||
| 942 |
_2ddc _cEN _mTYA _h510 |
||
| 999 |
_c33342 _d33342 |
||